| 000 | 00428nam a2200133Ia 4500 | ||
|---|---|---|---|
| 008 | 191111s9999 xx 000 0 und d | ||
| 020 | _a9789814314787 | ||
| 100 | _aMacini, Marc. | ||
| 245 |
_cMarc Macini.-- _aSelling tourist destinations : _bgeography for travel professional / |
||
| 260 |
_aSingapore : _bCengage Learning _c2016 |
||
| 300 | _aviii, 550 pages. | ||
| 650 | _aTourism -- marketing | ||
| 650 | _aTravel -- marketing | ||
| 999 |
_c362679 _d362679 |
||